Tennis - Le top 20 du classement ATP au 1er janvier 2016 - Statistiques

Statistiques générales
  • Ce quiz a été pris 37 fois
  • Le résultat moyen est 16 sur 20
Statistiques - réponses
Rang Joueur Pays Âge Points % Correct
1 Novak Djokovic Serbie 28 16 585
100%
5 Rafael Nadal Espagne 29 5 230
97%
3 Roger Federer Suisse 34 8 265
97%
2 Andy Murray Royaume-Uni 28 8 945
94%
10 Jo-Wilfried Tsonga France 30 2 635
94%
4 Stan Wawrinka Suisse 30 6 865
94%
8 Kei Nishikori Japon 26 4 235
90%
9 Richard Gasquet France 29 2 850
90%
15 Gilles Simon France 31 2 145
87%
16 David Goffin Belgique 25 1 880
84%
11 John Isner États-Unis 30 2 495
84%
14 Milos Raonic Canada 25 2 170
84%
7 David Ferrer Espagne 33 4 305
81%
12 Kevin Anderson Afrique du Sud 29 2 475
81%
13 Marin Cilic Croatie 27 2 405
81%
6 Tomas Berdych Tchéquie 30 4 620
81%
20 Dominic Thiem Autriche 22 1 600
74%
19 Benoit Paire France 26 1 633
45%
17 Feliciano Lopez Espagne 34 1 690
45%
18 Bernard Tomic Australie 23 1 675
16%
Aucun quiz correspondant
Distribution des résultats
% des personnes avec chaque résultat
Percentile par nombre de réponses
Votre historique - résultats
Vous n’avez pas pris ce quiz